Представление документа в формате MARC21

Поле Инд. ПП Название Значение
Тип записи a
Библиографический уровень a
001 Контрольный номер RU/IS/BASE/440868357
005 Дата корректировки 20180409143444.1
020 a ISBN 978-5-7609-0560-4
040 a Служба первич. каталог. НБ ТвГУ
b Код языка каталог. rus
e Правила каталог. PSBO
041 0_ a Код языка текста rus
245 10 a Заглавие Влияние щелочных, щелочноземельных и адгезионно-активных элементов на поверхностное натяжение свинца, олова и индия
260 a Место издания Тверь
b Издательство Тверской государственный университет
c Дата издания 2010
504 a Библиография Библиогр.: с. 60-63 (53 назв.)
520 0_ a Аннотация В работе приводится обзор по влиянию малых добавок щелочных, щелочноземельных и адгезионно-активных элементов на полимеры и изотермы бинарных сплавов на основе свинца, цинка и индия.
653 0_ a Ключевые слова Бинарные сплавы
653 1_ a Ключевые слова Расплавы
653 1_ a Ключевые слова Поверхностное натяжение
653 1_ a Ключевые слова Свинец
653 1_ a Ключевые слова Цинк
653 1_ a Ключевые слова Индий
653 1_ a Ключевые слова Полимеры
653 1_ a Ключевые слова Изотермы
653 1_ a Ключевые слова Щелочные элементы
653 1_ a Ключевые слова Щелочноземельные элементы
653 1_ a Ключевые слова Адгезионно-активные элементы
700 1_ a Другие авторы Кашежев А. З.
700 1_ a Другие авторы Мозговой А. Г.
700 1_ a Другие авторы Понежев М. Х.
700 1_ a Другие авторы Созаев В. А.
773 08 w Контрольный № источника RU/IS/BASE/348763847
t Название источника Физико-химические аспекты изучения кластеров, наноструктур и наноматериалов
d Место и дата издания Тверь : Тверской государственный университет, 2010
g Прочая информация Вып. 2. - С. 44-63
856 40 u URL http://texts.lib.tversu.ru/texts/11470t.pdf
x Примечание для ЭОР Справка УИС 2016
i Дата подключения ЭОР 20170410
x Примечание для ЭОР Реестр суммарного учета сетевых локальных документов
900 a Имя макрообъекта 11470t
901 t Тип документа a
920 a Оператор Корж